| 000 | 00498nam a22001697a 4500 | ||
|---|---|---|---|
| 003 | CEME | ||
| 005 | 20210628204119.0 | ||
| 008 | 210106b xxu||||| |||| 00| 0 eng d | ||
| 020 | _a9781849964524 | ||
| 040 | _cceme | ||
| 082 | _a629.836 STE | ||
| 100 |
_aStefanovic, Margareta, Safonov, Michael G _968802 |
||
| 245 | _aSafe adaptive control, data-driven stability analysis and robust synthesis | ||
| 260 |
_aINDIA _bSPRINGER _c2011 |
||
| 650 |
_aSAFE ADAPTIVE CONTROL _968803 |
||
| 942 |
_cBK _2ddc |
||
| 999 |
_c576266 _d576266 |
||